Зональность геохимических ореолов Батуринского рудопроявления золота (Томская область); Проблемы геологии и освоения недр

Detalles Bibliográficos
Parent link:Проблемы геологии и освоения недр.— 2008.— С. 189-191
Autor principal: Трикоз О. С.
Otros Autores: Ворошилов В. Г. (научный руководитель)
Lenguaje:ruso
Publicado: 2008
Materias:
Formato: Capítulo de libro
KOHA link:https://koha.lib.tpu.ru/cgi-bin/koha/opac-detail.pl?biblionumber=178044

MARC

LEADER 00000naa2a2200000 4500
001 178044
005 20231031165800.0
035 |a (RuTPU)RU\TPU\book\193027 
090 |a 178044 
100 |a 20100401d2008 k y0rusy50 ca 
101 0 |a rus 
102 |a RU 
200 1 |a Зональность геохимических ореолов Батуринского рудопроявления золота (Томская область)  |f О. С. Трикоз  |g науч. рук. В. Г. Ворошилов 
320 |a Библиогр.: 4 назв. 
463 0 |0 (RuTPU)RU\TPU\book\164908  |y 5-89503-079-3  |t Проблемы геологии и освоения недр  |o труды XII Международного симпозиума имени академика М. А. Усова студентов и молодых ученых, посвященного 100-летию первого выпуска горных инженеров в Сибири и 90-летию создания Сибгеолкома в России  |f Томский политехнический университет (ТПУ), Институт геологии и нефтегазового дела (ИГНД)  |v С. 189-191  |d 2008  |p 944 с. 
610 1 |a Батуринское рудопроявление 
610 1 |a Томская область 
610 1 |a геохимическое поле 
610 1 |a зональность 
610 1 |a структура 
610 1 |a элементы 
610 1 |a факторный анализ 
610 1 |a золото 
610 1 |a труды учёных ТПУ 
700 1 |a Трикоз  |b О. С. 
702 1 |a Ворошилов  |b В. Г.  |4 727 
801 1 |a RU  |b 63413507  |c 20100401 
942 |c BK